| 000 | 00000nam 2200000zi 4500 |
| 001 | 9.850955 |
| 003 | CaOODSP |
| 005 | 20221107154258 |
| 006 | m o d f |
| 007 | cr ||||||||||| |
| 008 | 180131t20182018oncado #ob f000 0 eng d |
| 020 | |a9780660247496 |
| 040 | |aCaOODSP|beng|erda|cCaOODSP |
| 043 | |an-cn--- |
| 086 | 1 |aM144-268/1-2018E-PDF |
| 245 | 00|aMajor energy retrofit guidelines for commercial and institutional buildings : |bhotels and motels. |
| 246 | 10|aHotels and motels |
| 264 | 1|a[Ottawa] : |bNatural Resources Canada = Ressources naturelles Canada, |c[2018] |
| 264 | 4|c©2018 |
| 300 | |a1 online resource (viii, 78 pages) : |billustrations, graphs, photographs |
| 336 | |atext|btxt|2rdacontent |
| 337 | |acomputer|bc|2rdamedia |
| 338 | |aonline resource|bcr|2rdacarrier |
| 500 | |aIssued also in French under title: Directives sur les réaménagements énergétiques majeurs bâtiments commerciaux et institutionnels : hôtels et motels. |
| 504 | |aIncludes bibliographical references. |
| 520 | |a"The Hotels and Motels Module complements the proven energy retrofit approach outlined in the Principles Module. This module, which should be considered as a companion document to the Principles Module, discusses strategies, priorities and opportunities specific to hotels and motels"--Page 1. |
| 692 | 07|2gccst|aHospitality industry |
| 692 | 07|2gccst|aEnergy use |
| 692 | 07|2gccst|aGuidelines |
| 710 | 1 |aCanada. |bNatural Resources Canada. |
| 775 | 08|tDirectives sur les réaménagements énergétiques majeurs bâtiments commerciaux et institutionnels : |w(CaOODSP)9.850956 |
| 856 | 40|qPDF|s2.45 MB|uhttps://publications.gc.ca/collections/collection_2019/rncan-nrcan/M144-268-1-2018-eng.pdf |